| 000 | 01812nam a2200397 c 4500 | ||
|---|---|---|---|
| 003 | BLK | ||
| 005 | 20180422105806.0 | ||
| 008 | 180409b bul|||||r ||||||| ||bul|| | ||
| 010 | _aKNG00112872000 | ||
| 020 |
_a954-649-621-9 _bиздат.: Сиела Софт енд Паблишинг |
||
| 040 | _aBLK | ||
| 041 |
_aBUL _cBUL |
||
| 080 |
_aАмериканска литература (на САЩ) _b821.111(73) _x-311.6 _z821.111(73)-311.6 |
||
| 080 |
_aИстория на Рим (до 476 г. н. е.). Древен Рим _b94(37) _x(092) _z94(37)(092) |
||
| 080 |
_aФлавий Клавдий Юлиан (Юлиан Апостат). Римски император _b929 Юлиан Отстъпник _x _z929 Юлиан Отстъпник |
||
| 100 | 1 |
_aВидал, Гор _eпърви автор _9372312 |
|
| 700 | 1 |
_aАтанасов, Васил _eпрев. от англ. _gИванов, Васил Атанасов _9364724 |
|
| 139 |
_aВидал, Гор _bВ 57 |
||
| 245 | 1 | 0 |
_aЮлиан _bРоман _cГор Видал; прев. от англ. Васил Атанасов. |
| 250 | _a4. изд. | ||
| 257 | _aUSA | ||
| 260 |
_аСофия _bСиела Софт енд Паблишинг _c2004 |
||
| 300 |
_a536 с. _c21 см |
||
| 380 | _aX | ||
| 490 | 1 | _aПопулярна класика | |
| 500 | _aОриг. загл. Julian / Gore Vidal. - 1. изд. 1970 на изд. Нар. култура в сер. Световни образи. - Библиогр. с. 535. - Офс. изд. | ||
| 504 | _a535 | ||
| 600 | 1 | 4 |
_aЮлиан Отстъпник _9258370 |
| 653 | _aроманизувани биографии | ||
| 653 | _aромани | ||
| 852 | _aЦб 219383 | ||
| 856 | 4 |
_qpdf _u |
|
| 856 | 4 |
_qpdf _u |
|
| 942 |
_cKNG _n0 |
||
| 944 |
_aCR _c05.05.2004 _kВаля_Йорданова |
||
| 944 |
_aED _c22.06.2005 _k |
||
| 999 |
_c107584 _d107584 |
||